000 00305nam a2200121Ia 4500
008 190216s9999||||xx |||||||||||||| ||und||
100 _aVarshney Rl & Mullick B R
245 0 _aSelected Poems
260 _bLakshmi Narain Agarwal Pub
_c1997
300 _a372p
650 _aEnglish Poetry
942 _cBK
999 _c13728
_d13728